Missing Word: NBA Teams (Cities/States) Quiz Stats

Quiz Updated Aug 16, 2014

Challenge
Share
Tweet
Embed
Score 0/29 Timer 02:00
8 Plays Today
Hint Missing Word % Correct
New _____ KnicksYork
91.6%
_____ CelticsBoston
91%
_____ HeatMiami
90.8%
_____ BullsChicago
90.5%
Los _____ Clippers/LakersAngeles
88.5%
San _____ SpursAntonio
88.4%
_____ State WarriorsGolden
85%
_____ NuggetsDenver
84.9%
_____ MagicOrlando
84.6%
_____ JazzUtah
84.5%
_____ PistonsDetroit
84.3%
_____ CavaliersCleveland
84%
_____ RocketsHouston
83.8%
_____ MavericksDallas
83%
_____ PacersIndiana
83%
Hint Missing Word % Correct
_____ SunsPhoenix
81.2%
_____ WizardsWashington
81.2%
_____ City ThunderOklahoma
80.7%
_____ HawksAtlanta
80.4%
_____Trail BlazersPortland
80%
_____ 76ersPhiladelphia
79.2%
New _____ PelicansOrleans
79%
_____ TimberwolvesMinnesota
77.8%
_____ RaptorsToronto
76.4%
_____ KingsSacramento
74.8%
_____ NetsBrooklyn
74.2%
_____ GrizzliesMemphis
73.6%
_____ HornetsCharlotte
72.9%
_____ BucksMilwaukee
69.5%

Today's Daily Dose

You're not logged in!

Compare scores with friends on all Sporcle quizzes.
Sign Up with Email
OR
Log In

You Might Also Like...

Show Comments

Extras

Top Quizzes Today


Score Distribution

Your Account Isn't Verified!

In order to create a playlist on Sporcle, you need to verify the email address you used during registration. Go to your Sporcle Settings to finish the process.